| 000 | 01579nam a22002297a 4500 | ||
|---|---|---|---|
| 999 |
_c58082 _d58082 |
||
| 003 | Ge_BSU | ||
| 005 | 20221221140158.0 | ||
| 008 | 210610s2021 ge ||||| |||| 00| 0 geo d | ||
| 041 | _ageo | ||
| 080 | _a81 წ-54 | ||
| 100 |
_aწიკლაური, ნინო _912005 |
||
| 245 |
_aმოდალობა ქართულ დისკურსში / _cნინო წიკლაური ; სამეცნიერო ხელმძღვანელი მამია ფაღავა; ბათუმის შოთა რუსთაველის სახელმწიფო უნივერსიტეტი. ჰუმანიტარულ მეცნიერებათა ფაკულტეტი. |
||
| 264 |
_aბათუმი, _c2021. |
||
| 300 |
_a120 გვ. _b30 სმ. |
||
| 504 | _aბიბლიოგრ. გვ. 144-120 | ||
| 653 | _aლინგვისტიკა | ||
| 653 | _aდისერტაცია | ||
| 653 | _aმოდალობა ქართულ დისკურსში | ||
| 700 |
_aფაღავა, მამია _e სამეცნიერო ხელმძღვანელი _912006 |
||
| 710 |
_aსამეცნიერო ხელმძღვანელი მამია ფაღავა; ბათუმის შოთა რუსთაველის სახელმწიფო უნივერსიტეტი. . _bჰუმანიტარულ მეცნიერებათა ფაკულტეტი _912007 |
||
| 942 |
_2udc _cDS |
||